000 02164nam a2200385Ii 4500
001 ocn1260448962
003 EG-ScBUE
005 20211208125932.0
008 210311s2020 cc a f 001 0 eng d
020 _a9781913536213
035 _a(OCoLC)ocn1260448962
035 _a(OCoLC)1260448962
035 _a(YBP)16723512
040 _aKOTUI
_beng
_erda
_cKOTUI
_dOCLCO
_dYDX
_dOCLCO
_dOCLCF
_dEG-ScBUE
082 0 4 _a749
_bCON
_222
245 0 0 _aContemporary furniture and interior design /
_cchief editor, Li Aihong ; art designer, Xiong Libo.
264 1 _aHongkong, China :
_bArtpower International Publishing,
_c[2020]
300 _a285 pages :
_bchiefly illustrations color ;
_c30 cm
336 _atext
_btxt
_2rdacontent
336 _astill image
_bsti
_2rdacontent
337 _aunmediated
_bn
_2rdamedia
338 _avolume
_bnc
_2rdacarrier
500 _aIncludes index.
520 _a"This lavishly illustrated book presents a fantastic collection of fashionable, contemporary and stunning home fabric accessories, for those looking for inspiration and new ideas. Divided into three parts, this useful guidebook will walk you through the world of fabric decoration step-by-step covering the following areas: Fabric display - each fabric product is presented with high quality images, along with related information on size, usage and styling. Case study - features selected interior design projects with various themes and styles to show the variety of combinations and applications these products can bring to your home. In-depth interviews - includes interviews with product and interior designers who share the latest design principles, concepts and skills for spatial arrangement and complementary fabric schemes."--Provided by publisher.
650 7 _aFurniture design.
_2BUEsh
650 7 _aFurniture
_vPictorial works.
_2BUEsh
650 7 _aHouse furnishings.
_2BUEsh
650 7 _aTextile fabrics in interior decoration.
_2BUEsh
650 7 _aInterior decoration.
_2BUEsh
_941532
653 _bART
_cDecember2021
655 _vReading book
_934232
700 1 _aAihong, Li
_eeditor.
700 1 _aXiong, Libo,
_edesigner.
942 _2ddc
_cBB
999 _c29712
_d29683